| 000 | 00000nam##2200000za#4500 |
| 001 | 9.638428 |
| 003 | CaOODSP |
| 005 | 20210624221658 |
| 007 | cr ||||||||||| |
| 008 | 150407|1998||||xxc|||||o f|0| 0 fre|d |
| 040 | |aCaOODSP|bfre |
| 043 | |an-cn--- |
| 086 | 1 |aNH15-206/1998F-PDF |
| 110 | 2 |aSociété canadienne d'hypothèques et de logement. |
| 245 | 13|aLe contrôle des coquerelles de la façon la moins toxique : |h[ressource électronique]|bguide pratique pour se débarrasser des coquerelles dans les maisons et appartements |
| 260 | |aOttawa - Ontario : |bSociété canadienne d'hypothèques et de logement |cc1998, re-imprimé 2005. |
| 300 | |a80p.|bill., références |
| 500 | |aLe n° de catalogue (NH15-206/1998F) et l’ISBN (0-660-95970-5) de l’édition imprimée ont été incorrectement copiés dans cette édition électronique. |
| 590 | |a11-05-Supp|b2011-03-15 |
| 775 | 08|tCurbing cockroaches the least toxic way : |w(CaOODSP)9.694252 |
| 856 | 40|ahttp://publications.gc.ca|qPDF|s5.93 Mo|uhttps://publications.gc.ca/collections/collection_2011/schl-cmhc/NH15-206-1998-fra.pdf |